000 01027nam a22002777a 4500
001 5401
003 FISKH
005 20241203104452.0
008 241203b cb ||||| |||| 00| 0 eng d
020 _a9781338158922
040 _aFISKH
_beng
_cFISKH
_dFISKH
050 _aTA157.C67
082 _a629.43092
100 _aCornell, Diana
245 _aMars science lab engineer Diana Trujillo /
_cby Kari Cornell
260 _aNew York :
_bScholastic ;
_c2016 .
300 _a32 pages :
_bcolor illustrations ;
_c24 cm .
490 _aSTEM trailblazer BIOS
505 _aW
520 _a"Read about the life stories and significant contributions of some of today's most accomplished figures in STEM fields. Narrative nonfiction text explores key details from each person's life, often including the pivotal moment that led them to their STEM career."--
521 8 _a880
_bLexile
521 8 _aW
_bRaz-Plus
650 _aEngineering and inventions
_vNon-fiction
942 _2ddc
_cBK
_n0
999 _c5401
_d5401